000
00278nam a22001097a 4500
008
160505b xxu||||| |||| 00| 0 eng d
020
_a
0139203230
041
_a
eng
080
_a
611
245
1
0
_a
Anatomy and Physiology:
_c
Gerard J. Tortora; Robert B. Tallitsch;
942
_2
udc
_c
BK
999
_c
1797
_d
1797